|
|
|
|
| LEADER |
00000nab a2200000 a 4500 |
| 001 |
vtls008160262 |
| 003 |
SK-MaSNL |
| 005 |
20260426041856.0 |
| 008 |
050614c20041015xo mr|p|||||||000 b|slo |
| 015 |
|
|
|a SNSK2005
|
| 038 |
|
|
|a SNSK
|
| 040 |
|
|
|a SNSK
|b slo
|c SNSK
|e AACR2
|
| 041 |
0 |
|
|a slo
|
| 044 |
|
|
|a xo
|c SK
|
| 080 |
|
|
|a 551.442
|2 UDC-MRF-SK2
|
| 080 |
|
|
|a 362.768
|2 UDC-MRF-SK2
|
| 080 |
|
|
|a 616.2
|2 UDC-MRF-SK2
|
| 100 |
1 |
|
|a Kovář, Zdeněk
|4 aut
|9 266642
|
| 245 |
1 |
0 |
|a V Dóme netopierov sa im dobre dýcha
|c Zdeněk Kovář
|
| 300 |
|
|
|b Fotogr.
|
| 650 |
0 |
7 |
|a liečebné pobyty
|2 snsk
|9 109749
|
| 650 |
0 |
7 |
|a choroby dýchacích ciest
|2 snsk
|9 31195
|
| 651 |
|
7 |
|a Jasovská jaskyňa (Slovensko)
|2 snkbucl
|9 160796
|
| 773 |
0 |
|
|t Nový Čas
|g Roč. 14, č. 239 (15.10.2004), s. 8
|x 1335-4655
|
| 852 |
|
|
|a SNSK
|b KIS3GCP
|
| 999 |
|
|
|c 1772012
|d 1773942
|